Human relations for career and personal success (Record no. 2500)
[ view plain ]
| 000 -LEADER | |
|---|---|
| fixed length control field | 01288nam a22001577a 4500 |
| 020 ## - INTERNATIONAL STANDARD BOOK NUMBER | |
| ISBN | 0131791796 9780131791794 |
| 050 ## - CALL NUMBER | |
| Classification number | 37745 |
| 100 ## - AUTHOR | |
| Personal name | Andrew J DuBrin |
| 245 ## - TITLE | |
| Title | Human relations for career and personal success |
| Remainder of title | concepts, application, and skills |
| Statement of responsibility, etc | Andrew J DuBrin |
| 250 ## - EDITION | |
| Edition statement | 8th ed. |
| 260 ## - PUBLICATION INFORMATION | |
| Place of publication | Upper Saddle River, NJ |
| Name of publisher | Pearson Prentice Hall, |
| Year of publication | 2008 |
| 300 ## - DESCRIPTION | |
| Number of Pages | xix, 481 pages |
| Other physical details | color illustrations |
| Dimensions | 28 cm |
| 500 ## - NOTES | |
| General note | Includes index |
| 505 ## - FORMATTED CONTENTS NOTE | |
| Table of Content | Understanding and managing yourself --<br/>Human relations and you --<br/>Self-esteem and self-confidence --<br/>Self-motivation and goal setting --<br/>Emotional intelligence, attitudes, and happiness --<br/>Values and ethics --<br/>Problem solving and creativity --<br/>Dealing effectively with people --<br/>Personal communication effectiveness --<br/>Communication in the workplace --<br/>Getting along with your manager, coworkers, and customers --<br/>Managing conflict --<br/>Becoming an effective leader --<br/>Motivating others and developing teamwork --<br/>Diversity and cross-cultural competence --<br/>Developing career thrust --<br/>Getting ahead in your career --<br/>Learning strategies, perception, and life span changes --<br/>Developing effective work habits --<br/>Staying emotionally healthy --<br/>Managing stress and personal problems. |
| 942 ## - ADDED ENTRY ELEMENTS (KOHA) | |
| Koha item type | Books |
| Withdrawn status | Lost status | Collection code | Home library | Current library | Shelving location | Date acquired | Accession Number | Koha item type |
|---|---|---|---|---|---|---|---|---|
| Reference | Methodist University Library Main | Methodist University Library Main | General Stacks | 15/02/2013 | 37745 | Books |